| 000 | 01030nam a22002537a 4500 | ||
|---|---|---|---|
| 999 |
_c64735 _d64735 |
||
| 005 | 20240530110747.0 | ||
| 008 | 181208s2017 a g b 000 0 ara d | ||
| 017 |
_a2016/11090 _bمصر. دار الكتب |
||
| 020 | _a9789776567078 | ||
| 040 |
_aEG-CaGPL _cEG-CaGPL |
||
| 082 | 0 | 4 |
_221 _a345.52 \ _bع ح |
| 100 | 0 | _aعبد على محمد سوادى | |
| 245 | 1 | 0 |
_aحماية المدنيين اثناء النزاعات المسلحة : _bدراسة مقارنة بين القانون الدولى الانسانى والشريعة الاسلامية / _cعبد على محمد سوادى |
| 250 | _aط.1 | ||
| 260 |
_aالقاهرة : _c2018 . |
||
| 300 |
_a359 ص. ؛ _c24 سم. |
||
| 504 | _aيشتمل على ارجاعات ببليوجرافية | ||
| 650 | 0 | 7 |
_2qrmak _aالنزاعات المسلحة |
| 650 | 0 | 7 | _aالقانون الدولى الانسانى |
| 650 | 0 | 7 |
_aالجماعات المسلحة _2qrmak |
| 651 | _2qrmak | ||
| 942 |
_2ddc _cBK |
||